| 000 | 01064cam a22002771 4500 | ||
|---|---|---|---|
| 001 | 16720 | ||
| 003 | BD-RjUL | ||
| 005 | 20211209000037.0 | ||
| 008 | 140215s1954 enk 000 0 eng d | ||
| 035 | _a(BD-RjUL)16775 | ||
| 035 | _a(OCoLC)237065 | ||
| 040 |
_aDLC _cOClW _dIU _dDLC _dBD-RjUL _beng |
||
| 041 | _aeng | ||
| 082 | 0 | 0 |
_222 _a 809.04 _bESQ 1954 |
| 110 | 2 |
_aEsquire, inc. _951650 |
|
| 245 | 1 | 4 |
_aThe Esquire treasury : _bthe best of twenty years of Esquire fact, fiction, and laughter, including seventy-three stories and articles, eighty-four drawings, cartoons, and photographs, by some of the most distinguished American writers, artists, and photographers / _cEdited by Arnold Gingrich. |
| 260 |
_aLondon : _bSimon and Schuster, _c1954 |
||
| 300 |
_a601 p. ; _billus. |
||
| 650 | 0 |
_aLiterature, Modern _y20th century. _951651 |
|
| 650 | 0 |
_aAmerican wit and humor. _951652 |
|
| 650 | 0 |
_aAmerican wit and humor, Pictorial. _951653 |
|
| 700 | 1 |
_aGingrich, Arnold, _eed. _951654 |
|
| 942 |
_2ddc _cBK |
||
| 999 |
_c16720 _d16720 |
||